000 01666nam0a2200397 4500
001 RU\NLR\bibl\362001
005 20260412063326.0
010 _a5-94826-012-7
_970
021 _aRU
_b2002-56869
_92762
035 _a(NLR Aleph) 000356601
090 _a309300
_c309300
100 _a20030128d2001 |||y0rusy50 ca
101 0 _arus
102 _aRU
105 _aa |||||||||
200 1 _aЭлектрооборудование судов и электроэнергетика
_eСб. науч. тр.
_fКалинингр. гос. техн. ун-т
_g[Редкол.: В. Ф. Белей (отв. ред.) и др.]
210 _aКалининград
_cКГТУ
_d2001
215 _a95,[1] с.
_cил.
_d21
320 _aБиблиогр. в конце ст.
606 0 _aСуда
_jСборники
_xЭлектрооборудование
_9943606
_3RU\NLR\auth\6630923
606 0 _aСудовые электроэнергетические системы
_jСборники
_92200545
_3RU\NLR\auth\661322363
610 0 _aСуда морские - Электрооборудование
610 0 _aЭнергетические установки
675 _a629.5.03:621.31(082)
_v3
_zrus
686 _a55.45
_2rugasnti
686 _a39.4
_2rubbk
686 _aО462я43
702 1 _aБелей
_bВ. Ф.
_4340
712 0 2 _4570
_aКалининградский государственный технический университет
_9566517
_3RU\NLR\AUTH\8810034023
801 0 _aRU
_bRKP
_c20030128
_gPSBO
801 1 _aRU
_bRKP
_c20030128
801 2 _aRU
_bNLR
_c20030218
_grcr
942 _cBOOK
980 _aNB
980 _aNBR